Los fichajes más caros del fútbol - Delanteros - Estadísticas

Estadísticas generales
  • Esta prueba ha sido intentada 198 veces
  • La puntuación promedio es 10 de 10
Estadísticas de respuestas
Coste (M €) Temporada Nacionalidad Último club Nuevo club Jugador % Correcto
180,00 2018-2019 Francia Mónaco PSG Kylian Mbappé
100%
222,00 2017-2018 Brasil FC Barcelona PSG Neymar
100%
117,00 2018-2019 Portugal Real Madrid Juventus Cristiano Ronaldo
99%
120,00 2019-2020 Francia Atlético Madrid FC Barcelona Antoine Griezmann
98%
101,00 2013-2014 Gales Tottenham Real Madrid Gareth Bale
98%
135,00 2017-2018 Francia Borussia Dortmund FC Barcelona Ousmane Dembélé
98%
115,00 2019-2020 Bélgica Chelsea Real Madrid Eden Hazard
97%
127,20 2019-2020 Portugal Benfica Atlético Madrid João Félix
95%
113,00 2021-2022 Bélgica Inter Chelsea Romelu Lukaku
95%
117,50 2021-2022 Inglaterra Aston Villa Manchester City Jack Grealish
91%
No se encontraron pruebas coincidentes
Distribución de puntuación
Porcentaje de gente con cada puntuación
Porcentaje por número respondido
Historial de tus puntuaciones
No has intentado esta prueba.